000
00281nam a2200097Ia 4500
001
642512
005
20250826153528.0
008
250824s9999 xx 000 0 und d
245
0
_a
SERGÜZEŞT ANTİK OKUL KLASİKLERİ
_c
SAMİ PAŞAZADE SEZAİ
260
_b
ANTİK DÜNYA KLASİKLERİ
999
_c
642512
_d
642512